000 00419nam a22001577a 4500
005 20250718160153.0
008 250718b |||||||| |||| 00| 0 eng d
020 _a9789350359396
082 _a344.01 SIN;1 R
100 _aSingh, Avtar. Kaur, Harpreet.
245 _aIntroduction to labour and industrial laws
250 _a4th ed.
260 _aHaryana
_bLexis Nexis
_c2017
300 _alxvi, 1025
942 _cLL
999 _c300681
_d300681